01407nam a2200277 a 4500001001000000005001700010008004100027041000800068044000700076084002300083100002700106245011100133260001900244300002600263500004600289500013500335500004700470500002800517500018400545500008200729506009200811546005200903600002700955650010500982700004201087BRCA_517920190320204955.0241110s1827----mx-######v---#000-0#spa-# aspa amx aDOC140b.S68c18271 aSoto, AntoniocCoronel10aDocumento firmado por el Coronel Antonio SotocCoronel Antonio Soto, Francisco Nepomuceno Batres y Nagera. aMéxicoc1827 a[4] fojasc32 x 21 cm aDocumento firmado el 8 de octubre de 1827 aEl C. Coronel Antonio Soto, se dirige al Exmo. Sor Gobernador del Distrito, a fin de recluir en un reformatorio a un hijo adoptivo aEl documento contiene la leyenda DOC. #308 aPapel con marca de agua aEn la parte superior sello con escudo Nacional e inscripción que dice: SELLO CUARTO, UNA CUARTILLA. PARA LOS AÑOS DE MIL OCHOCIENTOS VEINTE Y SEIS Y OCHOCIENTOS VEINTE Y SIETE aEstado de conservación: contiene márgenes maltratados y manchas de acidez0 aFondo reservado: para su consulta es necesario credencial de usuario y carta de motivos aTexto en: español de principios del siglo XIX14aSoto, AntoniocCoronel14aDocumentos legalesvImpreso con rúbricasxHistoriayFederalismo y centralismo, 1824-1853zMéxico1 aBatres y Nagera, Francisco Nepomuceno